Inside relational databases / (Record no. 188559)

MARC details
000 -LEADER
fixed length control field 00717nam a2200229Ia 4500
003 - CONTROL NUMBER IDENTIFIER
control field OSt
005 - DATE AND TIME OF LATEST TRANSACTION
control field 20251011104608.0
008 - FIXED-LENGTH DATA ELEMENTS--GENERAL INFORMATION
fixed length control field 210716s2001 xx 000 0 und d
020 ## - INTERNATIONAL STANDARD BOOK NUMBER
International Standard Book Number 8181280520
040 ## - CATALOGING SOURCE
Transcribing agency AIMIT LIBRARY
041 ## - LANGUAGE CODE
Language code of text/sound track or separate title eng
082 ## - DEWEY DECIMAL CLASSIFICATION NUMBER
Classification number 005.756
Item number WHIM
100 ## - MAIN ENTRY--PERSONAL NAME
Personal name Whitehorn, Mark.
9 (RLIN) 241698
245 ## - TITLE STATEMENT
Title Inside relational databases /
Statement of responsibility, etc. By Mark Whitehorn and Bill Marklyn.
250 ## - EDITION STATEMENT
Edition statement 1st ed.
260 ## - PUBLICATION, DISTRIBUTION, ETC.
Place of publication, distribution, etc. New Delhi :
Name of publisher, distributor, etc. Springer,
Date of publication, distribution, etc. 2001.
300 ## - PHYSICAL DESCRIPTION
Extent xii,345 p.;
Other physical details PB
Dimensions 25 cm.
650 ## - SUBJECT ADDED ENTRY--TOPICAL TERM
Topical term or geographic name entry element Serious problems with single user database
9 (RLIN) 241699
650 ## - SUBJECT ADDED ENTRY--TOPICAL TERM
Topical term or geographic name entry element Relatuionships in the real world
9 (RLIN) 241700
650 ## - SUBJECT ADDED ENTRY--TOPICAL TERM
Topical term or geographic name entry element More complex database design
9 (RLIN) 241701
942 ## - ADDED ENTRY ELEMENTS (KOHA)
Source of classification or shelving scheme Dewey Decimal Classification
Koha item type Book
Edition 2nd
Call number prefix 005.756 WHIM
Holdings
Withdrawn status Lost status Damaged status Not for loan Collection code Home library Current library Source of acquisition Cost, normal purchase price Total Checkouts Full call number Barcode Date last seen Cost, replacement price Price effective from Koha item type
        MCA St Aloysius Institute of Management & Information Technology St Aloysius Institute of Management & Information Technology Knowledge World 395.00   005.756 WHIM MCA08067 05/23/2026 316.00 07/16/2021 Book